| 000 | 00667nam a2200205Ii 4500 | ||
|---|---|---|---|
| 003 | JO-AjNU | ||
| 008 | 230605s9999||||xx |||||||||||||| ||und|| | ||
| 017 | _a2004/19051 | ||
| 040 |
_aJO-AjNU _bara _erda _cJO-AjNU |
||
| 041 | _aara | ||
| 050 | 1 | 4 | _aHE 5614.K4232.2004 |
| 100 | 3 |
_aالكاشف،جمال, _eauthor _97844 |
|
| 245 | 0 | 0 | _aمشكلة الخطر الثالث السائق النموذجي |
| 264 | 3 | 1 | _aالقاهرة:دار الطلائع للنشر والتوزيع ،2004 |
| 300 | _a96ص | ||
| 336 |
_atext _btxt _2rdacontent |
||
| 337 |
_aunmediated _bn _2rdamedia |
||
| 338 |
_avolume _bnc _2rdacarrier |
||
| 650 | 4 |
_aالمرور-السائق _97845 |
|
| 999 |
_aA485 _c4053 _d4053 |
||